LEADER 01122nam0 22003011i 450 001 UON00521214 005 20231220105653.817 010 $a978-88-644-3076-8 100 $a20231220d2012 |0itac50 ba 101 $aita 102 $aIT 105 $a|||| ||||| 200 1 $aPortrait$fJoyce Lussu$gprefazione di Giulia Ingrao 210 $aRoma$cL'asino d'oro$d2012 215 $a145 p.$d19 cm 410 1$1001UON00521215$12001 $aOmero$1210 $aRoma$cL'asino d'oro$d[2000]-$v1 606 $aAutobiografie e memorie$3UONC019122$2FI 620 $aIT$dRoma$3UONL000004 676 $a920.72$cBiografie, autobiografie, memorie di donne$v21 700 1$aLUSSU$bJoyce$3UONV293769$0221312 702 1$aINGRAO$bGiulia$3UONV293771 712 $aL'Asino d'oro$3UONV278511$4650 801 $aIT$bSOL$c20250627$gRICA 899 $aSIBA - SISTEMA BIBLIOTECARIO DI ATENEO$2UONSI 912 $aUON00521214 950 $aSIBA - SISTEMA BIBLIOTECARIO DI ATENEO$dSI F. Signore2 Z 2699 $eSI 48619 5 996 $aPortrait$93905715 997 $aUNIOR